000 00873nas a2200277 4500
001 BR2013010793
003 BR-BrBNA
005 20231205123522.0
007 ta
008 230509b bl.|||p| |||| 00| 00por d
040 _aBR-BrBNA
_bpor
_cBiblioteca Nacional de Agricultura
041 _a(Pt)
072 _aL74
100 1 _aSchmaedecke, A.
100 1 _aFerraz, V.C. de M.
100 1 _aFerrigno, C.R.A.
245 1 _aAplicabilidade e exequibilidade da técnica de interlocking nail como tratamento de fraturas diafisárias de fêmur em cães
650 _aCÃO
650 _aDISTÚRBIO FISIOLÓGICO
650 _aFRATURA
650 _aFÊMUR
650 _aVETERINÁRIA
773 0 _tRevista de Educação Continuada (Brazil)
_xISSN 1516-3326
_g(2005), v. 8(1) p. 19-25
_wBR2013010793
909 _a202311
_bLúcia
_c55
_dLúcia Elande
942 _2AGRIS
_n0
_cANA
999 _c234314
_d234314